000 00399nam a2200145Ia 4500
041 _aKurdish
082 _a214,1 cut-945 ئ
100 _a20260118u\\\\\\\\\\\y0engy0103\\\\ba
100 _aد.ئازاد عەلى ئیسماعیل
245 0 _aئایین ودەروونساغى
250 _aچ1
260 _bچاپخانەیى رەنج
_aسلێمانى
_c2017
300 _a229
942 _cBk
999 _c187919
_d187919